000 00406nab a2200145Ia 4500
003 ES-SlBCS
005 20210601131743.0
008 140529s1932 xxu||||| |||| 00| 0 fre d
041 _afre
100 1 _aRops, Daniel
_9164296
245 0 0 _aLettres étrangères
_c Daniel Rops
650 0 4 _aLiteratura
_91830
773 0 _tVie Intelectuelle (La)
_gvol. 18, nº. 3, 1932, págs. 507-518
_wRev907
942 _cAR
999 _c568223
_d568223